Velká kuchařka pro kombinované mikrovlnné trouby : velká obrazová kuchařka pro všechny kombinované mikrovlnné trouby s grilem, horním a dolním pečením nebo horkým vzduchem /

Hlavní autor: Liepold, Evelyn
Další autoři: Mosny, Kerstin, Teubner, Odette
Jazyk: Čeština
Vydáno: Praha : Svojtka a Vašut, 1996
Vydání: Čes. vyd. 1.
Témata:
Fyzický popis: 139 s. : barev. il. ; 29 cm
Knihy
Uloženo v:
LEADER 01314nam a2200337 a 4500
001 000067243
003 CZ BrMZK
005 20240502134710.0
007 ta
008 950313s1996 xr e f 0 cze d
015 |a cnb000106157 
020 |a 80-7180-059-7 
040 |a BOA001  |b cze 
072 7 |a 641  |x Kuchařství. Potraviny. Vařená jídla  |2 Konspekt  |9 19 
080 |a 641.55  |2 MRF 
080 |a 641.53.029:683.958  |2 MRF 
080 |a (083.12)  |2 MRF 
100 1 |a Liepold, Evelyn  |4 aut 
245 1 0 |a Velká kuchařka pro kombinované mikrovlnné trouby :  |b velká obrazová kuchařka pro všechny kombinované mikrovlnné trouby s grilem, horním a dolním pečením nebo horkým vzduchem /  |c Evelyn Liepoldováfotografie: Odette Teubnerová a Kerstin Mosnyová 
250 |a Čes. vyd. 1. 
260 |a Praha :  |b Svojtka a Vašut,  |c 1996 
300 |a 139 s. :  |b barev. il. ;  |c 29 cm 
650 0 7 |a jídla  |7 ph114847  |2 czenas 
650 0 7 |a mikrovlnné trouby  |7 ph115315  |2 czenas 
655 7 |a kuchařské recepty  |7 fd132687  |2 czenas 
700 1 |a Mosny, Kerstin  |7 xx0078483  |4 pht 
700 1 |a Teubner, Odette  |7 xx0011752  |4 pht 
765 0 |t Mikrowellen kombiniert 
910 |a BOA001  |b 4-1019.888 
990 |a BK 
996 6 |b 2610967733  |c 4-1019.888  |l MZK  |r Sklad / do 1 hodiny  |n 0  |p dar  |w 000067243  |u 000020  |a 1  |e BOA001  |j MZK50  |s P